| 000 | 01787cam a22002054a 4500 | ||
|---|---|---|---|
| 005 | 20250605163340.0 | ||
| 008 | 250528s ||||||||||||||||||||||||d | ||
| 035 | _a17357 | ||
| 020 | _a9603513903 | ||
| 040 |
_aGR-AtMCL _bgre _dGR-AtMCL _eAACR2 |
||
| 245 | 1 | _aΣυμπεριφορά Καταναλωτή και Στρατηγική Μαρκετινγκ / 2η 'Εκδοση | |
| 250 | _a2η | ||
| 260 |
_bΣταμούλης Α, _c2002 |
||
| 300 | _a836 | ||
| 520 | _aΕισαγωγή στη Συμπεριφορά του Καταναλωτή, Διαδικασία Λήψης Αποφάσεων Καταναλωτή, Υποδείγματα Συμπεριφοράς Καταναλωτή και Λήψης Αποφάσεων, Αντίληψη Καταναλωτή και Στρατηγική Μάρκετινγκ, Ανάμιξη και Μάθηση και Προσήλωση Καταναλωτή, Σχηματισμός και Μέτρηση και Αλλαγή Στάσεων, Δημογραφικά Χαρακτηριστικά Καταναλωτή, Ψυχογραφικά Χαρακτηριστικά Καταναλωτή, Παράρτημα Εφαρμογής RISC, Τμηματοποίηση Αγοράς και Τποθέτηση Προιόντος, Έρευνα Συμπεριφοράς Καταναλωτή, Επιδράσεις Ομάδων και Ομάδες Αναφοράς, Επιδράσεις Περίστασης, Επικοινωνίες Μάρκετινγκ και Διαφήμιση, Συμπεριφορά Βιομηχανικού Αγοραστή, Καταναλωτής και Δημόσια Πολιτική, Βιβλιογραφία και Πηγές. | ||
| 700 | 1 | _aΣιώμκος Γεώργιος Ι | |
| 942 | _cBK | ||
| 999 |
_c2782 _d2782 |
||